000 00825nas a2200265 4500
001 BR9901809
003 BR-BrBNA
005 20231205101348.0
007 ta
008 230509b bl.|||p| |||| 00| 00por d
040 _aBR-BrBNA
_bpor
_cBiblioteca Nacional de Agricultura
041 _a(Pt)
072 _aP33
100 1 _aSoares, J.L.N.
100 1 _aDias, A.C. da C.P.
100 1 _aPereira, G.C.
245 1 _aCapacidade de troca de cations de dois solos da Estacao Experimental da CEPLAC em Santa Ines-MA
650 _aAnalise do Solo
650 _aCation
650 _aPodzolico
650 _aMaranhao
773 0 _tBoletim da Faculdade de Ciencias Agrarias do Para (Brazil)
_xISSN 0100-2694
_g(Jan-Jun 1997), no. 27 p. 9-20
_wBR9901809
909 _a202311
_bLúcia
_c55
_dLúcia Elande
942 _2AGRIS
_n0
_cANA
999 _c161372
_d161372